00707nam a2200121Ia 4500008004100000020001800041100008900059245018500148260002700333650002000360650016200380856004300542171212s9999 xx 000 0 und d a9780833037879 aFarley, Donna O.;Morton, Sally C.;Damberg, Cheryl L.;Fremont, Allen;Berry, Sandra H. cFarley, Donna O.;Morton, Sally C.;Damberg, Cheryl L.;Fremont, Allen;Berry, Sandra H.aAssessment of the National Patient Safety InitiativebContext and Baseline Evaluation Report I bRAND Corporationc2005 aHealth Sciences aMedical errors -- Government policy -- United States; Iatrogenic diseases -- Government policy -- United States; Patients -- United States -- Safety measures uwww.jstor.org/stable/10.7249/tr203ahrq